El principio del placer (Registro nro. 3010)

Detalles MARC
000 -CABECERA
Longitud fija campo de control 01429nam a2200313 i 4500
005 - • FECHA Y HORA DE LA ÚLTIMA TRANSACCIÓN
Fecha y hora de la última transacción 20220317000046.0
007 - • CAMPO FIJO DE DESCRIPCIÓN FÍSICA
Campo fijo de descripción física ta
008 - • CÓDIGOS DE INFORMACIÓN DE LONGITUD FIJA
Códigos de información de longitud fija 200425s2009 mx gr 000 j spa d
020 ## - • NÚMERO INTERNACIONAL NORMALIZADO PARA LIBROS
Número Internacional Normalizado para Libros (ISBN) 9789684114104
040 ## - FUENTE DE LA CATALOGACIÓN
Centro catalogador de origen CO-BoRNBP
Lengua de catalogación spa
Normas de descripción rda
Centro transcriptor CO-BoRNBP
041 0# - • CÓDIGO DE LENGUA
Código de lengua del texto/banda sonora o título independiente spa
043 ## - CÓDIGO DE ÁREA GEOGRÁFICA
Código de área geográfica n-mx---
084 ## - • Clasificación Local Alfanúmerica PNLB
Número de clasificación C PAC2
100 1# - • PUNTO DE ACCESO PRINCIPAL-NOMBRE DE PERSONA
Nombre de persona Pacheco, José Emilio
Fechas asociadas al nombre 1939-
Término indicativo de función autor
245 13 - • TITULO PROPIAMENTE DICHO
Título El principio del placer
Mención de responsabilidad, etc. José Emilio Pacheco
250 ## - • MENCIÓN DE EDICIÓN
Mención de edición Primera edición
264 #1 - PRODUCCIÓN, PUBLICACIÓN , DISTRIBUCIÓN, FABRICACIÓN Y COPYRIGHT
Lugar de producción, publicación, distribución, fabricación México
Nombre del productor, editor, distribuidor, fabricante Era
Fecha de de producción, publicación, distribución, fabricación o copyright 2009
300 ## - • DESCRIPCIÓN FÍSICA
Extensión 141 páginas
Dimensiones 23 cm
336 ## - TIPO DE CONTENIDO
Término de tipo de contenido texto
Código de tipo de contenido txt
Fuente rdacontent
337 ## - TIPO DE MEDIO
Nombre del tipo de medio sin mediación
Código del tipo de medio n
Fuente rdamedia
338 ## - TIPO DE SOPORTE
Nombre del tipo de soporte volumen
Código del tipo de soporte nc
Fuente rdacarrier
505 1# - • NOTA DE CONTENIDO CON FORMATO
Nota de contenido con formato El principio del placer -- La zarpa -- La fiesta brava -- Langerhaus -- Tenga para que se entretenta -- Cuando salí de La Habana, válgame Dios
520 ## - • NOTA DE RESUMEN
Resumen, etc, El principio del placer reúne seis cuentos y una novela corta que le da un título al libro. En ella un adolescente narra su descubrimiento del amor y la sexualidad y su encuentro con la corrupción de México y del mundo. Lo fantástico se vuelve verosímil y lo cotidiano se hace espectral en una serie de relatos que hablan de las edades humanas desde la infancia hasta la vejez
521 ## - • NOTA DE PÚBLICO DESTINATARIO
Nota público destinatario (R ) Recomendado a partir de los 17 años
650 17 - • PUNTO DE ACCESO ADICIONAL DE MATERIA - TÉRMINO DE MATERIA
Término de materia o nombre geográfico como elemento inicial Cuentos mexicanos
Subdivisión cronológica Siglo XX
Fuente del encabezamiento o término ARMARC
650 17 - • PUNTO DE ACCESO ADICIONAL DE MATERIA - TÉRMINO DE MATERIA
Término de materia o nombre geográfico como elemento inicial Literatura mexicana
Subdivisión cronológica Siglo XX
Fuente del encabezamiento o término ARMARC
650 17 - • PUNTO DE ACCESO ADICIONAL DE MATERIA - TÉRMINO DE MATERIA
Término de materia o nombre geográfico como elemento inicial Adolescentes
Subdivisión de forma Cuentos
Fuente del encabezamiento o término ARMARC
942 ## - ENTRADA DE ELEMENTOS AGREGADOS (KOHA)
Fuente de clasificaión o esquema
Koha [por defecto] tipo de item Libro Literatura

No hay ítems disponibles.










Instituto Departamental de Cultura del Meta - Red Departamental de Bibliotecas Públicas del Meta.